| 000 | 00803nam a22002537a 4500 | ||
|---|---|---|---|
| 003 | 0 | ||
| 005 | 20250429125347.0 | ||
| 008 | 250429b xxu||||| |||| 00| 0 eng d | ||
| 020 | _a978-971-9655-96-1 | ||
| 050 |
_aHF 5351 _b.M553 2024 |
||
| 100 | _aMercado, Ronalyn Joy E. | ||
| 245 |
_aBusiness principles and merchandising accounting _cRonalyn Joy E. Mercado |
||
| 260 |
_aManila _bMindshapers Co. Inc. _cc2024 |
||
| 300 |
_aviii, 176 pages ; _c26cm. |
||
| 504 | _aIncludes bibliographical references and index. | ||
| 650 | _aBusiness. | ||
| 650 | _aAccounting. | ||
| 650 | _aMerchandising—Accounting. | ||
| 650 | _aRetail trade—Accounting. | ||
| 700 | _aCastillo, Benigno A. | ||
| 700 | _aPasahol, Jhon Ven Saint L. | ||
| 700 | _aAsuncion, Melba Savellano | ||
| 942 |
_2lcc _cBK |
||
| 999 |
_c367429 _d367429 |
||